| 000 | 00000nas 2200000za 4500 |
| 001 | 9.864221 |
| 003 | CaOODSP |
| 005 | 20221107161501 |
| 007 | cr ||||||||||| |
| 008 | 181105d19301947oncar p oss f000#b0eng| |
| 040 | |aCaOODSP|beng |
| 041 | |aeng|afre |
| 043 | |an-cn--- |
| 086 | 1 |aCS35-203-PDF |
| 245 | 04|aThe hardwood flooring industry in Canada |h[electronic resource]. |
| 246 | 14|aPreliminary report on the hardwood floor industry in Canada |f1930-1940 |
| 246 | 1 |aIndustrie des parquets en bois dur au Canada|iParallel caption title, |f1934-1947 |
| 246 | 1 |aRapport preliminaire sur l'industrie des parquets en bois dur au Canada|iAdded cover title, |f1934-1940 |
| 260 | |aOttawa : |bDominion Bureau of Statistics, Forest Products Branch, |c1932-[1947] |
| 300 | |av. |
| 310 | |aAnnual |
| 362 | 0 |a1930-1947. |
| 500 | |aTitle from caption. |
| 500 | |aCover title, 1930-1940: Preliminary report on the hardwood flooring industry in Canada. |
| 500 | |aDigitized edition from print [produced by Statistics Canada] |
| 546 | |aText in English only, 1930-1933; text in English and French, 1934-1947. |
| 550 | |aIssued 1931-1943 by Forestry Branch; 1944-[1946?] by Forest Products Statistics; 1947 by Forestry Section. |
| 580 | |aContinued by: The hardwood flooring industry = L'industrie des parquets en bois dur. |
| 692 | 07|2gccst|aFloors |
| 692 | 07|2gccst|aWoodworking industry |
| 710 | 1 |aCanada. |bDominion Bureau of Statistics.|bForest Products Branch. |
| 710 | 1 |aCanada. |bDominion Bureau of Statistics. |bForestry Branch. |
| 710 | 1 |aCanada. |bDominion Bureau of Statistics. |bForest Products Statistics. |
| 710 | 1 |aCanada. |bDominion Bureau of Statistics. |bForestry Section. |
| 785 | 00|tThe hardwood flooring industry |w(CaOODSP)9.864229 |
| 792 | |tThe hardwood flooring industry in Canada |efre|w(CaOODSP)9.864222 |